| Tag |
First Indicator |
Second Indicator |
Subfields |
| LEADER |
00000cas a2200000Ia 4500 |
| 001 |
in00001774821 |
| 005 |
20151025073138.0 |
| 006 |
m d |
| 007 |
cr mnu-------- |
| 008 |
030620c19749999cauqr p s 0 0eng d |
| 022 |
|
|
|y 0306-3968
|
| 035 |
|
|
|a (OCoLC)ocm44689951
|
| 037 |
|
|
|b Sage Publications, 2455 Teller Road, Thousand Oaks, California, 91320 OR Sage Publications Ltd., 6 Bonhill Street, London, EC2A 4PU, UK
|
| 040 |
|
|
|a F#A
|c F#A
|d OCLCQ
|d UtOrBLW
|
| 049 |
|
|
|a TXAM
|
| 090 |
|
|
|a HT1501
|b .R25 Electronic
|
| 092 |
|
|
|a 305.8
|
| 130 |
0 |
|
|a Race and class (Online)
|
| 245 |
1 |
0 |
|a Race and class.
|
| 264 |
|
1 |
|a [Thousand Oaks, Calif.] :
|b Sage Publications.
|
| 310 |
|
|
|a Quarterly
|
| 336 |
|
|
|a text
|b txt
|2 rdacontent
|
| 337 |
|
|
|a computer
|b c
|2 rdamedia
|
| 338 |
|
|
|a online resource
|b cr
|2 rdacarrier
|
| 362 |
1 |
|
|a Print began in 1974.
|
| 500 |
|
|
|a Description based on: Volume 41, number 3 (2000); title from journal information screen (viewed July 26, 2000).
|
| 530 |
|
|
|a Online version of: Race and class.
|
| 538 |
|
|
|a Mode of access: World Wide Web.
|
| 500 |
|
|
|a Electronic resource.
|
| 650 |
|
0 |
|a Race relations
|v Periodicals.
|
| 650 |
|
0 |
|a Social classes
|z Developing countries
|v Periodicals.
|
| 776 |
1 |
|
|t Race and class
|x 0306-3968
|w (DLC) 75641645
|w (OCoLC)2240562
|
| 949 |
|
|
|a AM_DB_MFHD URL added
|b h
|c 2003/11/21
|d c
|e rstovall5
|f 11:19:52 am
|
| 994 |
|
|
|a E0
|b TXA
|
| 999 |
|
|
|a MARS
|
| 999 |
f |
f |
|s dd75fdd6-17ea-3328-8cf4-1c58406f53e6
|i 560949c3-1328-3d9a-b7ae-0cbead639ddc
|t 0
|
| 952 |
f |
f |
|a Texas A&M University
|b College Station
|c Electronic Resources
|d Available Online
|t 0
|e HT1501 .R25
|g Electronic
|h Library of Congress classification
|
| 998 |
f |
f |
|a HT1501 .R25
|t 0
|l Available Online
|